[Event "RUS-ch"]
[Site "Elista"]
[Date "1996.??.??"]
[Round "8"]
[White "Vorotnikov, Vladislav V"]
[Black "Makarov, Marat"]
[Result "0-1"]
[WhiteElo "2510"]
[BlackElo "2560"]
[Annotator "Har Zvi,R"]
[PlyCount "128"]
[EventDate "1996.10.15"]
[EventType "swiss"]
[EventRounds "11"]
[EventCountry "RUS"]
[SourceTitle "CBM 056"]
[Source "ChessBase"]
[SourceDate "1997.02.01"]
[SourceVersion "1"]
[SourceVersionDate "1997.02.01"]
[SourceQuality "1"]

1. e4 {Chekhov} c5 2. c3 Nf6 3. e5 Nd5 4. g3 d6 5. exd6 Qxd6 (5... e6) 6. Bg2
Nc6 7. Na3 {not a good idea since white has to play d4 [if not black will play
Bf5-Bd3] therefor 7.Ne2 is white's move} (7. Ne2 g6 (7... Bf5 8. d4 cxd4 (8...
e6 9. Na3 Qd7 10. Nc4 Bg4 11. dxc5 Bxc5 12. Ne3 Nxe3 13. Qxd7+ Kxd7 14. Bxe3
Bxe3 15. fxe3 e5 $1 $15 {/-/+ Hoffman,A-De Firmian,N Boenos Aires 1995}) 9.
Nxd4 Nxd4 10. Qxd4 Qe6+ 11. Be3 Nxe3 12. fxe3 $16 {Rozentalis,E-Gelfand,B_
Tilburg 1992 (m/3) 56/(160)}) (7... Bg4 8. h3 Bh5 9. O-O e6 10. g4 (10. d4 Rd8
11. g4 Bg6 12. Na3 Qd7 13. c4 Nb6 14. d5 exd5 15. cxd5 Nb4 16. Nf4 $13 {
Finkel,A-Portisch,L Biel op 1995}) 10... Bg6 11. d4 Rd8 12. Na3 Be7 13. c4 Ndb4
14. d5 $36 {Rozentalis,E-Savchenko,S Antwerpen 1993}) 8. d4 (8. Na3 Nc7 9. O-O
Bg7 10. d3 O-O 11. Nc4 Qd7 12. Be3 Ne6 $10 {Rozentalis,E-Hellers,F Malmo 1993
58/(184)} (12... Ne6 {Chekhov} 13. Re1 Re8 14. Qa4 Rb8 $15 {Rozentalis,
E-Hellers,F/Malme/1993/0|1/35/})) 8... cxd4 9. Nxd4 Bg7 10. Ne2 (10. Nxc6 Qe6+
11. Ne5 Qxe5+ 12. Qe2 Qxe2+ 13. Kxe2 Bg4+ 14. f3 Be6 15. Be3 Nxe3 16. Kxe3
O-O-O $17 {Mufic,GO-Palac,M Pula PCA op 1994}) 10... Be6 11. O-O Rd8 12. Nd2
Qc7 13. Qa4 O-O 14. Qh4 Nb6 $15 {Loncae,R-Palac,M CRO-ch 1995}) (7. Qe2 $5 {
Chekhov} Bf5 8. Nf3 e6 9. Na3 Be7 10. O-O O-O 11. Rd1 Bf6 12. Nc4 Qc7 13. d3 h6
$132 {Gonzales,V-Baron Isanta,J/Barcelona/1995/0|1/29/}) 7... Bf5 (7... Be6 $6
{Chekhov} 8. Nf3 Rd8 9. O-O h6 10. d4 cxd4 11. Nxd4 Nxd4 12. Qxd4 $16 {Martens,
M-Van Der Poel,P/NED/1995/1|0/30/}) 8. d4 (8. Nb5 Qe5+ 9. Ne2 (9. Qe2 Qxe2+ 10.
Nxe2 O-O-O) 9... Bd3 10. f4 Qf5 $1 $17 11. g4 Qd7 (11... Qxg4 12. Bxd5 Bxb5 13.
Bxf7+ $13) 12. Bxd5 e6 $1 (12... Bxb5 13. Bxf7+ $13)) (8. Ne2 Bd3 (8... Bd3 {
Chekhov} 9. O-O e6 $36)) 8... cxd4 9. Nb5 (9. cxd4 $5 {Chekhov} Ndb4 (9... e6
$5 10. Ne2 Be7 11. O-O O-O 12. Nc4 Qc7 13. Ne3 $132) 10. Ne2 Nd3+ 11. Kf1 $13)
9... Qe5+ 10. Ne2 Nxc3 $1 (10... d3 {Chekhov} 11. Bxd5 dxe2 12. Qxe2 Qxe2+ 13.
Kxe2 $16) 11. Nbxc3 (11. bxc3 {Chekhov} Qxb5 12. Nxd4 Nxd4 13. cxd4 e6 $19)
11... dxc3 12. bxc3 Rd8 (12... Be4 13. Bf4 Qf5 (13... Bxg2 14. Bxe5 Nxe5 15. f4
) 14. Bxe4 Qxe4 15. O-O) 13. Qa4 Bd7 14. Bf4 Qf6 (14... Qa5 $4 {Chekhov} 15.
Qxa5 Nxa5 16. Bc7) 15. O-O e5 16. Qe4 (16. Be3 Nd4 17. Qd1 Nf3+ (17... Nf3+ {
Chekhov} 18. Bxf3 $2 (18. Kh1 Bc6 19. Qc2 b6 20. Rad1 Be7 $19) 18... Qxf3 $19))
16... Be7 (16... Bf5 $6 17. Qe3 Be7 18. Bxc6+ Qxc6 19. Bxe5 Bh3 20. Nf4 Bxf1
21. Rxf1 O-O (21... f6 22. Bd4) 22. Bxg7 $13) 17. Be3 Qg6 (17... O-O {Chekhov}
18. f4 exf4 19. Nxf4 $44) 18. Qc4 O-O 19. h3 Be6 (19... Bf5 $5 {Chekhov} 20.
Qb3 Rd7 $19) 20. Qb5 Rd7 21. Rfd1 Rfd8 22. Rxd7 Rxd7 23. Bxc6 bxc6 24. Qxe5 (
24. Qxc6 {Chekhov} Bxh3 25. Qc8+ Bd8 26. Qa8 h6 $19) 24... Bd6 25. Qg5 (25. Qa5
{Chekhov} Bxh3 26. Nf4 Bxf4 27. Bxf4 Qe4 $19) 25... Qe4 (25... Qxg5 {Chekhov}
26. Bxg5 h6 27. Be3 Bxh3 $19) 26. Bd4 (26. Kh2 Bd5 27. Rg1 f6 28. Qg4 Qxg4 29.
hxg4 Bxa2 30. Ra1 Bc4) (26. Nf4 $2 h6 27. Qh4 (27. Qh5 Bxf4 28. Bxf4 g5 $1 $19)
(27. Qa5 Bxf4) 27... g5) 26... f6 27. Qe3 (27. Qh5 {Chekhov} Bd5 $19) 27...
Qxe3 28. Bxe3 Bxh3 $17 29. Nd4 c5 (29... Rc7 {Chekhov} 30. Rd1 Be7 31. Nb3 Be6
32. Rd4 $22 Kf7 33. Ra4) 30. Nb3 Rc7 (30... c4 {Chekhov} 31. Na5 Be6 32. Rd1)
31. Rd1 Be7 $17 {/-+ black has both material advantage [ 1 pawn] and a
positional adavantge [the pair of bishops ] the win in this ending should be
too complicated} 32. f3 Be6 33. g4 Kf7 34. Rd2 h6 {fixing the f3-g4 pawns} 35.
Kf2 f5 (35... g5 $5 {Chekhov} 36. Kg3 Kg6 37. f4 f5 38. gxf5+ Bxf5 39. fxg5
hxg5 40. Rd5 Be6 41. Rd2 $15) 36. gxf5 Bxf5 {black has gained a outside passed
pawn} 37. Rd5 Be6 38. Re5 Bd6 39. Re4 (39. Rh5 {Chekhov} Kg6 40. Rh1 a5 $6 (
40... Kf6 $22 41. Rh5 Bf7 $19) 41. Nxa5 Ra7 42. Rd1 Bf8 43. Nc6 Rxa2+ 44. Kg3
Kf6 45. Rd8 $44) 39... Bd5 40. Ra4 Ke8 41. Ra5 Rf7 42. Nd2 (42. Bxc5 Rxf3+)
42... Rc7 43. c4 (43. Nb3 Bxb3 (43... Bxb3 {Chekhov} 44. axb3 h5 45. b4 cxb4
46. cxb4 Bxb4 47. Rxa7 $15)) 43... Bf7 44. Ne4 Be7 45. Bf4 (45. Bxc5 Bxc5+ 46.
Nxc5 Bxc4 (46... Bxc4 {Chekhov} 47. Ne4 Ke7 48. a4 a6 49. Ke3 $15)) 45... Rc6 (
45... Rc8 {Chekhov} 46. Rxa7 Bxc4 47. Bd6 Bh4+ 48. Ke3 $10) 46. Rxa7 Bxc4 47.
a4 Bd3 48. Nc3 c4 49. Rb7 (49. a5 $4 {Chekhov} Bc5+ $19) 49... Re6 50. Rc7 $6 {
after this the game ends very quickly,white's only chance waa by advancing the
"a" pawn which may become very dangerous,but still black should not worry too
much} (50. a5 Bh4+ 51. Bg3 (51. Kg1 Be1 $1 52. Nd5 Rg6+ 53. Kh2 Bxa5 $17 {/-+})
51... Bf6 $1 52. Nb5 Re2+ 53. Kg1 c3 $19) (50. a5 $5 {Chekhov}) 50... Bh4+ 51.
Bg3 (51. Kg2 {Chekhov} Rg6+ 52. Kh3 Bd8 53. Rb7 Bf1+ 54. Kh2 Bg2 $19) 51... Bd8
52. Rb7 (52. Rxg7 $4 {Chekhov} Bf6 $19) 52... Ba5 53. Ne4 (53. Nd5 {Chekhov}
Be1+ 54. Kg2 Re2+ 55. Kh3 Bf5+ 56. Kh4 Rh2#) 53... Bxe4 54. fxe4 c3 55. Rb5 c2
56. Bf4 (56. Rc5 $4 {Chekhov} Bb6 $19) 56... Rxe4 57. Bc1 Rxa4 58. Rb2 Rc4 59.
Ke2 g5 60. Kd3 Rc3+ 61. Kd4 Rc8 62. Kd3 Kf7 63. Rxc2 Rxc2 64. Kxc2 Kg6 0-1

[Event "RUS-ch"]
[Site "Elista"]
[Date "1996.??.??"]
[Round "6"]
[White "Sveshnikov, Evgeny"]
[Black "Sokolov, Andrei"]
[Result "1-0"]
[WhiteElo "2535"]
[BlackElo "2585"]
[Annotator "Har Zvi,R"]
[PlyCount "53"]
[EventDate "1996.10.15"]
[EventType "swiss"]
[EventRounds "11"]
[EventCountry "RUS"]
[SourceTitle "CBM 056"]
[Source "ChessBase"]
[SourceDate "1997.02.01"]
[SourceVersion "1"]
[SourceVersionDate "1997.02.01"]
[SourceQuality "1"]

1. e4 {Hecht Belov Ftacnik Khalifman} c5 2. c3 d5 3. exd5 Qxd5 4. d4 Nf6 5. Nf3
Bg4 6. Be2 e6 7. O-O Nc6 8. h3 Bh5 9. Be3 cxd4 10. Nxd4 (10. cxd4 {Ftacnik} Bb4
11. a3 Ba5 12. b4 (12. Nc3 Qd6 13. Nb5 Qe7 14. Ne5 Bxe2 15. Qxe2 O-O 16. Rac1
Rac8 17. Bg5 Bb6 18. Bxf6 gxf6 19. Nc4 $36 {Comp Deep Blue-Kasparov,G/
Philadelphia(m/1)/1996/1:0/37/}) 12... Bb6 13. Nc3 {1/2-1/2 Sermek,D-Lobron,E/
EUCup f 1996 (56) ;CBM 56 Afek,Y-Polgar,S/Tel Aviv/1996/0:1/22/}) 10... Bxe2
11. Qxe2 Nxd4 (11... Bc5 12. Nb5 (12. Rd1 $5) 12... O-O-O $1 13. a4 a6 14. N5a3
Bxe3 15. Qxe3 Qd3 $1 16. Qxd3 Rxd3 17. Nc4 Rhd8 18. Nba3 Ne4 $15 {Pasasovic,
D-Almasi,I Budapest 1996 66/112} (18... Ne4 {Khalifman} 19. Ne3 Nd2 20. Rfd1
Nb3 21. Rxd3 Rxd3 22. Ra2 Nc1 23. Ra1 Nb3 24. Ra2 f5 25. Nac4 f4 26. Ng4 Rd1+
27. Kh2 Nd2 {0-1 Pavasovic,D-Almasi,I/Budapest FS11 GM 1995})) (11... Be7 {
Khalifman} 12. Rd1 (12. Nb5 {Belov} Qd8 13. Rd1 Qb8 14. Nd2 O-O 15. Nf3 Nd5 $10
{Waller,H-Loginov,V/Zalakaros op/1991/0:1/52/}) 12... O-O 13. Nd2 (13. c4 Nxd4
14. Bxd4 Qc6 15. Nc3 Rfd8 16. b3 a6 17. Rd3 b5 18. Rad1 bxc4 19. bxc4 Ne8 {
Seger,R-Mikhalchishin,A/Dortmund op 1995/1/2-1/2 (52)}) 13... Rfd8 14. N2f3 a6
$11 {1/2-1/2 Godena,M-Sadler,M/Ischia 1996 (29)}) 12. Bxd4 Bc5 (12... Be7 13.
Rd1 Qc6 14. Nd2 (14. c4 {Ftacnik} O-O 15. Nd2 (15. Nc3 a6 (15... Rac8 16. b3 a6
17. Rd3 Rfd8 18. Rad1 Ne8 19. Ne4 Nd6 20. Qg4 Nf5 {0-1 Hermann,Man-Naumann,F/
BL2-N 9495/1995/ (47)}) 16. Rd2 Rac8 17. b3 Rfd8 18. Rad1 h6 19. Be5 Rxd2 20.
Rxd2 Nd7 21. Bd4 Nf6 22. Be5 Nd7 23. Bd4 Nf6 {1/2-1/2 Godena,M-Brunner,L/
Budapest Eurodata (01)/1992/}) 15... Rfc8 (15... Nd7 16. Nf3 f6 17. b3 e5 18.
Bb2 Nc5 19. Rd5 Ne6 20. g3 Nc7 {Werner,V-Wang,L/WchJW-U18 Bratislava (09)/1993/
0-1 (59)}) 16. b3 a6 17. Nf3 b5 18. Ne5 {1/2-1/2 Landa,K-Loginov,V/Kobanya op 
(10)/1991/}) 14... O-O 15. Nf3 (15. a4 Nd5 16. Nf3 f6 17. Qb5 Rfd8 18. Qxc6
bxc6 19. Nd2 $1 e5 20. Be3 Nxe3 21. fxe3 Rd3 22. Kf2 $14 {Lein,A-Birmingham,E
New York op 1991}) 15... Rfd8 16. c4 Qe4 17. Kf1 b6 18. b3 Rac8 19. Rd3 $14 {
Tiviakov,S-Lautier,J Linares 1995 63/(122)}) 13. Rd1 O-O-O (13... Bxd4 {
Khalifman} 14. Rxd4 Qc5 15. Na3 $14) (13... Qc6 {Belov}) 14. Na3 $1 (14. Bxc5
$4 {Belov} Qxd1+ $19) 14... Bxd4 (14... Bxa3 $4 15. Bxf6 $18) (14... Qc6 {Belov
} 15. Nb5 a6 16. Na7+ Bxa7 17. Bxa7 Rxd1+ 18. Rxd1 Rd8 $14) 15. Rxd4 Qa5 (15...
Qg5 {Ftacnik} 16. Rad1 Rxd4 17. Rxd4 $14) 16. Rad1 Rxd4 17. Rxd4 Kb8 $4 {
a very strange decision which probably loses the game Ftacnik: It is difficult
to explain, why black refrained from the exchange of the rooks. Ftacnik: Es
ist schwer zu erklären, warum Schwarz die Türme nicht getauscht hat.} (17...
Rd8 18. Qb5 $5 (18. Qc4+ Kb8 (18... Qc7 {Belov} 19. Rxd8+ Kxd8 20. Qd4+ Qd7 21.
Qxa7 Qd1+ 22. Kh2 Qd6+ 23. g3 Qd2 24. Qb6+ Kc8 25. Nc4 $16) 19. Qb5 (19. Rxd8+
{Ftacnik} Qxd8 20. Nb5 $14) (19. Nb5 a6 (19... Rxd4 20. Qxd4 a6 21. Qd6+ Kc8
22. Qf8+ Qd8 23. Nd6+ $18) 20. Rxd8+ Qxd8 21. Nd4 $14) 19... Qc7 (19... Qxb5
20. Rxd8+ Kc7 21. Nxb5+ Kxd8 22. Nxa7) 20. Rxd8+ Qxd8 21. Qe5+ $1 Ka8 (21...
Qc7 $2 22. Qxc7+ Kxc7 23. Nb5+ Kb6 24. Nd6) (21... Kc8 22. Nb5) 22. Nb5 a6 23.
Nd6 $14) 18... Qc7 19. Rxd8+ (19. Rc4 $4 Rd1#) 19... Kxd8 (19... Qxd8 20. Qc5+
Kb8 21. Nb5 b6 22. Qd6+) 20. Qg5 Ke7 21. Qxg7 Qf4 22. Qg3 Qc1+ 23. Kh2 Qxb2 24.
Nc4 $16) (17... Rd8 $142 $16 {Khalifman}) 18. Nb5 $1 $18 Ka8 (18... Rc8 19.
Qe5+ Ka8 20. Nc7+ $1 $18 (20. Nc7+ $1 {Ftacnik} Qxc7 21. Qxc7 Rxc7 22. Rd8+)) (
18... a6 {Belov} 19. Qe5+ Ka8 20. Nc7+ $18) 19. Qe5 b6 (19... Ne8 {Ftacnik} 20.
Qc5 $1 Nf6 21. Nc7+ $18) (19... Nd5 {Belov} 20. Qxg7 Rc8 21. a4 $18) 20. b3 {
Ra4} Nd5 (20... a6 21. Ra4 Qxb5 22. Qxb5) (20... Qxa2 21. Ra4 (21. Ra4 {Ftacnik
} Qb1+ 22. Kh2 a5 23. Qc7 $18)) 21. Rxd5 $1 (21. Qxg7 {Ftacnik} Rb8 22. c4 $18)
21... exd5 {[#]_|_ Hecht Groteske: Mattangriff mit Q+N gestützt auf die
Abseitsstellung der schwarzen Q.} 22. Qxd5+ Kb8 23. Qd6+ Kb7 24. Qc7+ Ka8 (
24... Ka6 25. a4 Ra8 26. Qc6 (26. h4 $18 {Hecht Zugzwang})) 25. Qc6+ Kb8 26.
Nd6 Qa6 27. b4 {and there is no way to prevent b5,but going into a losing pawn
ending after 27...Rc8 so black resigned} (27. b4 {Ftacnik} Rc8 (27... Rd8 28.
b5 Rc8 (28... Rxd6 {Belov} 29. Qxd6+ Kc8 30. bxa6 $18) 29. Qe4 $18) 28. Qd7 (
28. Nxc8 Qxc8 29. Qxc8+ Kxc8 30. c4 $18) 28... Rc7 29. Qe8+ Rc8 30. Qxf7 $18)
1-0

[Event "WchT 4th"]
[Site "Luzern"]
[Date "1997.10.31"]
[Round "7.2"]
[White "Benjamin, Joel"]
[Black "Gallagher, Joseph G"]
[Result "1-0"]
[WhiteElo "2580"]
[BlackElo "2525"]
[Annotator "Har Zvi,R"]
[PlyCount "73"]
[EventDate "1997.10.25"]
[EventType "team-tourn"]
[EventRounds "9"]
[EventCountry "SUI"]
[SourceTitle "CBM 062"]
[Source "ChessBase"]
[SourceDate "1998.01.31"]
[SourceVersion "1"]
[SourceVersionDate "1998.01.31"]
[SourceQuality "1"]
[WhiteTeam "US of America"]
[BlackTeam "Switzerland"]
[WhiteTeamCountry "USA"]
[BlackTeamCountry "SUI"]

1. e4 c5 2. c3 Nf6 3. e5 Nd5 4. Nf3 Nc6 5. Bc4 Nb6 6. Bb3 c4 7. Bc2 Qc7 8. Qe2
g5 (8... e6 9. b3 g5 10. Na3 g4 11. Nb5 Qb8 12. Ng5 Nxe5 13. bxc4 a6 14. Nd4
Nbxc4 15. O-O h6 16. Ne4 Be7 17. d3 Nb6 18. f4 gxf3 19. Nxf3 Ng6 20. Qf2 $36 {
Kuijf,M-Stripunsky,A/Wijk-B 1996/CBM 52}) 9. Nxg5 (9. e6 dxe6 10. Nxg5 Qe5 (
10... h6 11. Nf3 Bg7 12. O-O O-O 13. Na3) 11. d4 (11. Ne4 f5 12. Ng3 Bh6 13.
Na3 Qxe2+ (13... O-O 14. d4 cxd3 15. Bxd3 $14) 14. Kxe2 O-O 15. b3 (15. d3 Bxc1
16. Raxc1 cxd3+ 17. Bxd3 e5 18. Rhd1 $14) 15... cxb3 16. Bxb3 (16. axb3 e5)
16... Nd5 17. Re1 Nf4+ 18. Kf1 Nd3 $13 {Sveshnikov,E-Chernaiv,A/Erevan op 1996/
EXP52/[Belov]}) 11... cxd3 12. Bxd3 Qxe2+ (12... Nd5 $6 13. O-O Qxe2 14. Bxe2
h6 15. Nf3 e5 16. Bb5 Bg7 (16... f6 $142) 17. Re1 f6 18. Nbd2 $14 {Maiwald,
J-Mainka,R/Recklinghausen 1997/CBM 61 [Har-Zvi,R]}) 13. Bxe2 h6 14. Ne4 e5 15.
Na3 Bf5 16. Bf3 O-O-O 17. Nc2 e6 18. Bd2 Bg6 $13 {Rozentalis,E-Hellers,F/
Skolernes Skakklub 1997/CBM 60 [Har-Zvi,R]}) 9... Qxe5 10. d4 (10. Qxe5 $2 Nxe5
11. Nxh7 Bh6 12. Bf5 d5 $1 $19) (10. Nxh7 $2 Bh6) (10. Nf3 Qxe2+ 11. Kxe2 Bg7
12. d4 cxd3+ 13. Bxd3 d5 14. Re1 O-O 15. Kf1 e5 $15) 10... cxd3 11. Bxd3 Qxe2+
12. Bxe2 (12. Kxe2 Ne5 13. Bc2 h6 {[%csl Re2]}) 12... h6 $6 {I do not really
understand this move,the knight does not stand wellon g5so why to waste a
tempi to bring him to a better place,12...Bg7 as was played by Ivanchuk seems
better} (12... Bg7 13. O-O O-O 14. Rd1 d5 $15 {[%csl Gd5,Ge7] Torre,E-Ivanchuk,
V/Evevan olm 1996} (14... h6 15. Nh3 $1 d5 16. Nf4 $13)) 13. Nf3 Bg7 14. Na3 d5
15. Be3 {white has the advantage,black pieces are not organized well at all,
and he can not use his advantage in the center,since his pawns will become a
target for white} Bg4 $6 (15... O-O $142) 16. Nb5 O-O 17. O-O-O (17. Nxa7 $5 {
at first I thought this move is ? but I am sure anymore,it is true that black
has compensation but still a pawn is a pawn!!} Na4 18. Nxc6 bxc6 19. O-O-O Rfb8
20. Rd2) 17... e6 18. h3 Bxf3 $6 (18... Bh5 $142) 19. gxf3 $1 {the opening of
the "g" file is the most important factor here} Nc4 (19... Kh8 $142) 20. Bxc4
dxc4 21. Rhg1 Kh7 (21... Kh8 22. Nd6 Ne5 23. Bd4) 22. Rd7 Rad8 $6 {after this
move there is no question about the position anymore,black had to play 22...
Ne5 but I think that he simply saw 23.Rxg7 and stopped his calculations,
missing 23...Kh8!} (22... Ne5 $1 23. Rxg7+ Kh8 $8 (23... Kxg7 $2 24. Bd4 $18)
24. Bd4 Nxd7 25. Rxf7+ e5 26. Rxd7 exd4 27. Nxd4 {when things are not so simple
}) 23. Rxb7 $16 Rb8 (23... Ne5 24. Bd4) 24. Rxb8 Rxb8 25. Nd6 Ne5 26. Kc2 Nxf3
27. Rd1 Kg6 (27... Ne5 28. f4 Ng6 29. Nxc4) 28. Nxc4 Rb7 29. b4 $18 Ng5 30. Nd6
Rc7 31. c4 Be5 32. c5 a5 33. Nc4 Bf6 34. b5 Ne4 35. b6 Rc8 36. b7 Rb8 37. c6
1-0

[Event "EU-Cup 13th Group2"]
[Site "Eupen"]
[Date "1997.09.24"]
[Round "3"]
[White "Degraeve, Jean Marc"]
[Black "Borge, Nikolaj"]
[Result "1-0"]
[WhiteElo "2540"]
[BlackElo "2360"]
[Annotator "Har Zvi,R"]
[PlyCount "57"]
[EventDate "1997.09.22"]
[EventType "team-k.o."]
[EventRounds "3"]
[EventCountry "BEL"]
[SourceTitle "EXT 2020"]
[Source "ChessBase"]
[SourceDate "2019.10.17"]
[SourceVersion "1"]
[SourceVersionDate "2019.10.17"]
[SourceQuality "1"]
[WhiteTeam "Clichy Echecs 92"]
[BlackTeam "Espergarde SK"]
[WhiteTeamCountry "FRA"]
[BlackTeamCountry "DEN"]

1. e4 {Baburin} c5 2. c3 Nf6 3. e5 Nd5 4. d4 cxd4 5. Nf3 e6 6. cxd4 b6 7. Nc3
Nxc3 8. bxc3 Qc7 9. Be2 {Baburin: This is an important line and this game has
a certain interest for opening theory.} Bb7 (9... Qxc3+ 10. Bd2 Qa3 11. Rc1 Ba6
(11... Nc6 12. Rc3 Qe7 13. Ng5 f5 14. exf6 Qxf6 15. Nxe6 dxe6 16. Bb5 Bd7 17.
Bxc6 Bxc6 18. Rxc6 Be7 $13 {Van Mil,J-Krasenkov,M/Budapest 1989}) 12. O-O Nc6
13. d5 exd5 14. Bxa6 Qxa6 15. Bg5 Qxa2 16. Nd4 Nxd4 17. Qxd4 h6 18. Bh4 Bc5 19.
Qg4 g5 20. Bg3 Rh7 $17 {/-+ Van derWerf,M-Van Wely,L/Nld-chT 1995}) 10. O-O
Qxc3 (10... d6 11. Bf4 Nd7 12. d5 $6 (12. Re1 $5) 12... exd5 13. Re1 O-O-O 14.
c4 dxe5 15. Nxe5 Nxe5 16. Bxe5 Bd6 17. Bxg7 Rhg8 18. Bf6 Bxh2+ 19. Kh1 Rd6 $40
{Yrjola,J-Jansa,V/Berlin 1986}) 11. Bd2 Qc7 {Qb2 and Qa3 are both unclear
continuations that must be seriously analized} (11... Qb2 $5) (11... Qa3 $5)
12. Rc1 Qd8 {Baburin: White has very good compensation for a pawn and starts
to convert his advantage in development into something more real.} (12... Nc6
$142 $5) 13. Bg5 Be7 (13... f6 $2 14. exf6 gxf6 15. Ne5 $1 $18 Ke7 (15... fxg5
16. Bh5+ Ke7 17. Nf7) 16. Bf3 Bc6 (16... d5 17. Qd2 $1) (16... Nc6 17. Bxc6
Bxc6 18. Qh5 fxg5 (18... Qe8 19. Bxf6+ Kxf6 20. Qh4+) 19. Qxg5+ Ke8 20. Qh5+
Ke7 21. Rxc6) 17. Bxc6 Nxc6 18. Qh5 Nxe5 (18... Qe8 19. Bxf6+) 19. Bxf6+ Kxf6
20. Qxe5+) 14. Bxe7 Qxe7 $2 (14... Kxe7 $8 {it is clear white has very big
compensation,but I do not think there is something force} 15. Qb3 Ke8 $1 {
with the idea Nc6} (15... Nc6 $6 16. d5 Na5 17. Qa3+)) 15. Rc7 Ba6 16. Qa4 Qd8
17. Rfc1 Bxe2 (17... b5 $2 18. Qa3 {and black simply can not move}) (17... Nc6
$2 {Baburin loses on the spot to} 18. Rxd7 Qxd7 19. Bxa6 $18) 18. Rc8 O-O $6 (
18... Bxf3 $142 {just eliminate white's knight which will cause black big
problems in the near future} 19. Rxd8+ Kxd8 20. gxf3 Nc6 $16) 19. Rxd8 Rxd8 20.
Ng5 $1 {Baburin: Now the knight, which Black could have exchanged on move 18,
becomes very active - White threatens to play 21 Qc2. On paper, Black has
quite sufficient compensation for a queen: rook, bishop and pawn. Practically
however, Black is still behind in development, while his king comes under
attack.} Bd3 (20... Bh5 21. Ne4 Nc6 22. Nd6 $16 {/+-}) 21. d5 h6 $2 {losing by
force after white's nice combination} (21... exd5 22. Qd4 (22. Qd1 {Baburin}
Bg6 23. Qxd5 ({Also interesting is} 23. h4 Nc6 24. h5 Bf5 25. Qxd5)) 22... Bg6
23. Qxd5 Nc6 $16) 22. Nxf7 $1 $18 Kxf7 23. dxe6+ dxe6 (23... Kxe6 24. Qb3+) (
23... Ke7 24. Qa3+) (23... Ke8 24. Qg4 dxe6 25. Qxe6+ Kf8 26. Rc7 $18) 24. Rc7+
Kg8 25. Qg4 Bg6 26. Qxe6+ Kh8 (26... Kh7 27. Rxg7+ Kxg7 28. Qf6+ Kh7 29. Qe7+)
27. Rc8 {Baburin: much more effective unit here than the three Black pieces.}
Nd7 28. Rxa8 Nf8 29. Rxd8 1-0